[Event "XXV C.to Mondiale Seniores femminile Over 50"]
[Site "Acqui Terme ITA"]
[Date "2015.11.12"]
[Round "3"]
[White "Kasoshvili, Tsiala"]
[Black "Melashvili, Nino"]
[WhiteElo "2174"]
[BlackElo "2125"]
[Result "1/2-1/2"]
[PlyCount "36"]
[EventDate "2015.11.10"]

1. c4 Nf6 2. Nc3 e6 3. Nf3 Bb4 4. e3 O-O 5. Be2 d5 6. O-O c6 7. Qc2 Nbd7 8. d4
Qe7 9. Bd2 Bd6 10. e4 dxe4 11. Nxe4 Nxe4 12. Qxe4 f5 13. Qc2 e5 14. Bg5 Qe8 15.
dxe5 Nxe5 16. c5 Bc7 17. Rfe1 Nxf3+ 18. Bxf3 Qg6 1/2-1/2

[Event "XXV C.to Mondiale Seniores femminile Over 50"]
[Site "Acqui Terme ITA"]
[Date "2015.11.14"]
[Round "4"]
[White "Melashvili, Nino"]
[Black "Bogumil, Tatiana"]
[WhiteElo "2125"]
[BlackElo "2128"]
[Result "0-1"]
[PlyCount "120"]
[EventDate "2015.11.10"]

1. Nf3 Nf6 2. d4 e6 3. Bf4 b6 4. e3 Bb7 5. Nbd2 Be7 6. h3 O-O 7. Bd3 d5 8. O-O
c5 9. c3 Nc6 10. Qe2 Re8 11. Rad1 Bf8 12. Ne5 Qc8 13. Ndf3 a6 14. Ng5 Re7 15.
Ng4 Ne4 16. Bxe4 dxe4 17. Bd6 f5 18. Bxe7 Bxe7 19. Nxe6 fxg4 20. Qxg4 Bf6 21.
d5 Ne5 22. Qf5 c4 23. f3 exf3 24. gxf3 Qd7 25. e4 Nd3 26. Rd2 Qe7 27. f4 g6 28.
Qg4 Bc8 29. e5 Bxe6 30. dxe6 Qc5+ 31. Kh2 Be7 32. b4 Qd5 33. Rg2 Rf8 34. Re2
Rf5 35. Rf3 Kg7 36. a4 Qxe6 37. Re4 Qc6 38. Re2 Qxa4 39. Rg2 Qd7 40. e6 Qxe6
41. Rgg3 Bd6 42. Re3 Qf7 43. Qe2 Rxf4 44. Kg1 Rf2 45. Rgf3 Rxe2 46. Rxf7+ Kxf7
47. Rxe2 Be5 48. Ra2 Bxc3 49. Rxa6 Bxb4 50. Kf1 c3 51. Ra2 Ke6 52. Rc2 Kd5 53.
Ke2 Nf4+ 54. Kd1 Kd4 55. h4 Nd5 56. Ra2 Kd3 57. Kc1 Bd6 58. h5 Bf4+ 59. Kb1 Nb4
60. hxg6 hxg6 0-1

[Event "XXV C.to Mondiale Seniores femminile Over 50"]
[Site "Acqui Terme ITA"]
[Date "2015.11.17"]
[Round "6"]
[White "Schulz, Petra"]
[Black "Bogumil, Tatiana"]
[WhiteElo "2094"]
[BlackElo "2128"]
[Result "1-0"]
[PlyCount "73"]
[EventDate "2015.11.10"]

1. e4 d5 2. exd5 Qxd5 3. Nc3 Qd6 4. d4 Nf6 5. Nf3 c6 6. h3 g6 7. Ne5 Bg7 8. Bf4
Qd8 9. Bc4 O-O 10. O-O Nd5 11. Nxd5 cxd5 12. Bb3 Be6 13. c3 Nd7 14. Qd2 Nf6 15.
Bh6 Ne4 16. Qe3 Rc8 17. Bxg7 Kxg7 18. Nd3 Rc6 19. f3 Nf6 20. Rae1 Qc7 21. Nf4
Rd8 22. Re2 Kg8 23. Rfe1 Ne8 24. Qd2 Ng7 25. Re5 Rcd6 26. g4 b5 27. h4 a5 28.
h5 Qb8 29. Bc2 Rb6 30. hxg6 hxg6 31. Qh2 b4 32. Qh6 bxc3 33. bxc3 Bc8 34. R5e2
Rf6 35. Rh2 Nh5 36. Nxh5 gxh5 37. Qh7+ 1-0

[Event "XXV C.to Mondiale Seniores femminile Over 50"]
[Site "Acqui Terme ITA"]
[Date "2015.11.18"]
[Round "7"]
[White "Bogumil, Tatiana"]
[Black "Strutinskaia, Galina"]
[WhiteElo "2128"]
[BlackElo "2227"]
[Result "0-1"]
[PlyCount "72"]
[EventDate "2015.11.10"]

1. d4 d5 2. Nf3 e6 3. g3 c5 4. Bg2 Nc6 5. e3 Nf6 6. O-O b5 7. dxc5 Bxc5 8. Nd4
Qb6 9. Nxc6 Qxc6 10. c3 O-O 11. a4 a6 12. axb5 axb5 13. Rxa8 Qxa8 14. Nd2 Bb7
15. Nb3 Be7 16. Nd4 Rc8 17. Bd2 e5 18. Nc2 h5 19. Qa1 Qb8 20. Qa5 Qd6 21. Rd1
Qd7 22. Qa2 h4 23. Qb3 Qf5 24. Be1 Bc6 25. e4 dxe4 26. Ne3 Qh5 27. Ra1 hxg3 28.
hxg3 Bc5 29. Bd2 Rd8 30. Qc2 Ng4 31. Kf1 Nh2+ 32. Ke1 Bxe3 33. Bxe3 Nf3+ 34.
Kf1 Qh2 35. Ke2 Qxg2 36. Ra6 Qg1 0-1

[Event "XXV C.to Mondiale Seniores femminile Over 50"]
[Site "Acqui Terme ITA"]
[Date "2015.11.21"]
[Round "9"]
[White "Schulz, Petra"]
[Black "Strutinskaia, Galina"]
[WhiteElo "2094"]
[BlackElo "2227"]
[Result "1/2-1/2"]
[PlyCount "96"]
[EventDate "2015.11.10"]

1. e4 c5 2. Nf3 d6 3. Bb5+ Nc6 4. O-O Bd7 5. Re1 a6 6. Bf1 Bg4 7. c3 g6 8. h3
Bxf3 9. Qxf3 Bg7 10. d3 e6 11. Be3 Nge7 12. Qd1 Qb6 13. Qc1 O-O 14. Nd2 Qc7 15.
Nf3 Rfe8 16. Qd2 Rac8 17. Nh2 f5 18. f4 b6 19. Bf2 e5 20. g3 b5 21. Bg2 b4 22.
c4 a5 23. Rac1 Nd4 24. Bxd4 cxd4 25. Re2 fxe4 26. Bxe4 d5 27. Bg2 e4 28. Ree1
e3 29. Qe2 Qd6 30. b3 dxc4 31. bxc4 Rc5 32. Be4 a4 33. Rb1 Rb8 34. Rb2 Rb6 35.
Reb1 Rc8 36. Qc2 a3 37. Rb3 Qc5 38. Qe2 Nf5 39. Bxf5 gxf5 40. Nf3 Bf8 41. Kh2
Bg7 42. Ne1 Rcb8 43. Nc2 Bf8 44. Qf3 Kh8 45. Kg2 Qd6 46. Kh2 Qc5 47. Kg2 Qd6
48. Kh2 Qc5 1/2-1/2

[Event "XXV C.to Mondiale Seniores femminile Over 65"]
[Site "Acqui Terme ITA"]
[Date "2015.11.10"]
[Round "1"]
[White "Fatalibekova, Elena"]
[Black "Abdikasova, Panu"]
[WhiteElo "2242"]
[BlackElo "1980"]
[Result "1-0"]
[PlyCount "51"]
[EventDate "2015.11.10"]

1. e4 c5 2. Nf3 d6 3. d4 cxd4 4. Nxd4 Nf6 5. Nc3 a6 6. Be2 b5 7. Bf3 e5 8. Nf5
Bb7 9. Bg5 h6 10. Bxf6 Qxf6 11. Nd5 Qd8 12. a4 Nc6 13. c3 g6 14. Nfe3 Bg7 15.
axb5 axb5 16. Be2 Na7 17. Qb3 O-O 18. O-O Bc6 19. Ra6 Kh7 20. Rfa1 Qd7 21. Nb6
Qb7 22. Nxa8 Rxa8 23. Qa3 Bxe4 24. Rxa7 Rxa7 25. Qxa7 Bxg2 26. Nxg2 1-0

[Event "XXV C.to Mondiale Seniores femminile Over 65"]
[Site "Acqui Terme ITA"]
[Date "2015.11.10"]
[Round "1"]
[White "Kozlovskaya, Valentina"]
[Black "Sorokina, Tamara"]
[WhiteElo "2249"]
[BlackElo "2116"]
[Result "1-0"]
[PlyCount "51"]
[EventDate "2015.11.10"]

1. c4 Nf6 2. g3 e5 3. Bg2 d6 4. Nc3 g6 5. Nf3 Bg7 6. d4 exd4 7. Nxd4 O-O 8. O-O
Nbd7 9. h3 a6 10. Bg5 h6 11. Be3 Re8 12. Qd2 Kh7 13. b3 Qe7 14. Rad1 Rb8 15.
Nc2 Bf8 16. g4 Nc5 17. f3 Be6 18. Bf2 Ng8 19. e4 b5 20. cxb5 axb5 21. Nb4 Qf6
22. f4 Bg7 23. e5 dxe5 24. Bxc5 exf4 25. Ne4 Qh4 26. Qxf4 1-0

[Event "XXV C.to Mondiale Seniores femminile Over 65"]
[Site "Acqui Terme ITA"]
[Date "2015.11.10"]
[Round "1"]
[White "Kuznetsova, Luba"]
[Black "Kabanova, Irina"]
[WhiteElo "2014"]
[BlackElo "1954"]
[Result "1-0"]
[PlyCount "127"]
[EventDate "2015.11.10"]

1. d4 Nf6 2. c4 e6 3. Nf3 d5 4. Nc3 Be7 5. Bf4 O-O 6. h3 c6 7. e3 h6 8. Bd3
Nbd7 9. O-O Nh7 10. Qc2 Ndf6 11. Ne5 Re8 12. c5 Nf8 13. b4 N6d7 14. Nxd7 Bxd7
15. Bh2 f5 16. Ne2 Bf6 17. Rab1 Qc8 18. f4 g6 19. Kh1 Re7 20. Ng1 Rg7 21. Nf3
Be8 22. Rg1 Qd8 23. g4 Be7 24. Rg2 Nd7 25. Rbg1 Bf8 26. b5 Qe7 27. a4 Rc8 28.
g5 h5 29. Rb1 Qd8 30. Qc3 Nb8 31. Rgb2 b6 32. bxc6 Nxc6 33. Bb5 bxc5 34. dxc5
Na5 35. Qe5 Re7 36. Bxe8 Bg7 37. Qd6 Bxb2 38. Bxg6 Nc4 39. Qa6 Rxc5 40. Bg1 Qc8
41. Qxc8+ Rxc8 42. Kg2 Rcc7 43. Bxh5 Kg7 44. Bf2 Rc8 45. Ne1 Rh8 46. Be2 Rb7
47. Nd3 Rhb8 48. Nc5 Re7 49. Nd3 Rbb7 50. h4 Ba3 51. Rh1 Bd6 52. h5 Nb2 53. Ne1
e5 54. fxe5 Bxe5 55. Nf3 Bc3 56. Nh4 Rf7 57. h6+ Kh8 58. Bh5 Rf8 59. Ng6+ Kg8
60. Nxf8 Kxf8 61. Bg6 Nd3 62. Bg3 Rb2+ 63. Kf3 f4 64. exf4 1-0

[Event "XXV C.to Mondiale Seniores femminile Over 65"]
[Site "Acqui Terme ITA"]
[Date "2015.11.10"]
[Round "1"]
[White "Tsifanskaya, Ludmila A"]
[Black "Lebel-Arias, Julia"]
[WhiteElo "2077"]
[BlackElo "1796"]
[Result "1-0"]
[PlyCount "81"]
[EventDate "2015.11.10"]

1. e4 g6 2. d4 Bg7 3. Nc3 c5 4. dxc5 Qa5 5. Bd3 Bxc3+ 6. bxc3 Qxc3+ 7. Bd2 Qxc5
8. Ne2 b6 9. O-O Bb7 10. Be3 Qc7 11. Bd4 e5 12. Bb2 Qc5 13. Kh1 f6 14. f4 d6
15. a4 Nd7 16. Nc3 a6 17. Nd5 Bxd5 18. exd5 Ne7 19. fxe5 fxe5 20. Qg4 Rf8 21.
Rxf8+ Nxf8 22. Rf1 Qe3 23. Ba3 h5 24. Qh4 g5 25. Qxh5+ Kd7 26. Qh6 Nfg6 27. Bc1
Rh8 28. Qxh8 Qxd3 29. cxd3 Nxh8 30. Bxg5 Nxd5 31. Bd2 Ke6 32. h4 Nf6 33. Rb1 b5
34. axb5 axb5 35. Rxb5 Ng6 36. g3 Kf5 37. Kg2 d5 38. Bg5 d4 39. Bxf6 Kxf6 40.
Rb6+ Kg7 41. Rxg6+ 1-0

[Event "XXV C.to Mondiale Seniores femminile Over 65"]
[Site "Acqui Terme ITA"]
[Date "2015.11.12"]
[Round "3"]
[White "Kuznetsova, Luba"]
[Black "Abdikasova, Panu"]
[WhiteElo "2014"]
[BlackElo "1980"]
[Result "1-0"]
[PlyCount "51"]
[EventDate "2015.11.10"]

1. d4 Nf6 2. c4 e6 3. Nf3 d5 4. Bg5 h6 5. Bh4 Nbd7 6. e3 c6 7. Nc3 Bb4 8. Qc2
Qa5 9. Nd2 Ne4 10. Ndxe4 dxe4 11. Be2 Bxc3+ 12. bxc3 Nb6 13. O-O Qa4 14. Qxe4
Nxc4 15. Qg4 O-O 16. Bf6 g6 17. Qh4 Kh7 18. Bg5 Rh8 19. Bxh6 Kg8 20. Qd8+ Kh7
21. Qf6 Rg8 22. Qxf7+ Kxh6 23. Qxg8 Nb6 24. Qh8+ Kg5 25. h4+ Kf5 26. g4+ 1-0

[Event "XXV C.to Mondiale Seniores femminile Over 65"]
[Site "Acqui Terme ITA"]
[Date "2015.11.12"]
[Round "3"]
[White "Sorokina, Tamara"]
[Black "Lebel-Arias, Julia"]
[WhiteElo "2116"]
[BlackElo "1796"]
[Result "1/2-1/2"]
[PlyCount "100"]
[EventDate "2015.11.10"]

1. Nf3 g6 2. d4 Bg7 3. g3 d6 4. Bg2 c6 5. O-O Nh6 6. e4 f6 7. c3 Nf7 8. Be3 e5
9. Qd2 O-O 10. dxe5 dxe5 11. Qxd8 Rxd8 12. Na3 Be6 13. b3 Nd7 14. Nc2 Bf8 15.
Rfd1 Nc5 16. Nfe1 f5 17. Bxc5 Bxc5 18. Nd3 Bb6 19. Nb2 fxe4 20. Bxe4 Kg7 21.
Na4 Bf5 22. Bxf5 gxf5 23. Nxb6 axb6 24. a4 Kf6 25. Kg2 Rd6 26. Ne3 Rad8 27.
Rxd6+ Rxd6 28. Nc4 Rd3 29. Rc1 Nd6 30. Nxd6 Rxd6 31. Rc2 e4 32. Kf1 f4 33. Ke2
Rd3 34. gxf4 Kf5 35. b4 Kxf4 36. a5 bxa5 37. bxa5 Rd5 38. Rb2 Rxa5 39. Rxb7
Ra2+ 40. Kf1 Rc2 41. Rf7+ Ke5 42. Rxh7 Rxc3 43. h4 Kf4 44. h5 Kg5 45. Re7 Kxh5
46. Rxe4 Kg5 47. Ke2 Kf5 48. Re8 Kf4 49. Rf8+ Ke4 50. f3+ Ke5 1/2-1/2

[Event "XXV C.to Mondiale Seniores femminile Over 65"]
[Site "Acqui Terme ITA"]
[Date "2015.11.12"]
[Round "3"]
[White "Tsifanskaya, Ludmila A"]
[Black "Kabanova, Irina"]
[WhiteElo "2077"]
[BlackElo "1954"]
[Result "1/2-1/2"]
[PlyCount "125"]
[EventDate "2015.11.10"]

1. e4 c5 2. Nf3 e6 3. b3 Nc6 4. Bb2 Qc7 5. g3 d6 6. Bg2 e5 7. O-O Nf6 8. Re1
Be7 9. c3 O-O 10. h3 b5 11. d4 Bd7 12. d5 Na5 13. Nbd2 c4 14. b4 Nb7 15. Qe2 g6
16. Qe3 Kg7 17. Nf1 h6 18. Bc1 Rh8 19. g4 Ng8 20. Ng3 Qd8 21. Bd2 Qb6 22. Qe2
a5 23. a3 a4 24. Be3 Qd8 25. Qd2 Bf6 26. Rf1 Be7 27. Nh2 Bh4 28. Ne2 Be7 29. f4
f6 30. Rf2 Qc7 31. Raf1 Rf8 32. Ng3 Qd8 33. Nf3 Qc8 34. Kh2 Rf7 35. Ng1 Rf8 36.
Qe2 Rh7 37. Bf3 Kh8 38. f5 g5 39. Nh5 Rff7 40. Bg2 Qd8 41. Rf3 Rf8 42. h4 Be8
43. Rh3 Bxh5 44. gxh5 Qe8 45. Bf3 Bd8 46. Bg4 Qe7 47. Nf3 Bc7 48. Qd2 Nd8 49.
Qe2 Nf7 50. Nd2 Qd7 51. Nf3 Qd8 52. Qf2 Ne7 53. Rh1 Ng8 54. Kg2 Qd7 55. Kf1 Rb8
56. Qd2 Bd8 57. Qg2 Qe7 58. Nd2 Qb7 59. Qf2 Qe7 60. hxg5 fxg5 61. f6 Nxf6 62.
Bf5 Rg7 63. Bg6 1/2-1/2

[Event "XXV C.to Mondiale Seniores femminile Over 65"]
[Site "Acqui Terme ITA"]
[Date "2015.11.14"]
[Round "4"]
[White "Abdikasova, Panu"]
[Black "Lebel-Arias, Julia"]
[WhiteElo "1980"]
[BlackElo "1796"]
[Result "0-1"]
[PlyCount "109"]
[EventDate "2015.11.10"]

1. d4 g6 2. c4 Bg7 3. Nf3 d6 4. e4 c6 5. Nc3 Nd7 6. Be2 f6 7. Be3 Nh6 8. h3 Nf7
9. Qd2 e5 10. d5 c5 11. O-O-O a6 12. Kb1 Rb8 13. Qc2 O-O 14. g4 Nb6 15. Rdg1
Bd7 16. Qc1 Nc8 17. h4 b5 18. Nd2 b4 19. Nd1 a5 20. f4 exf4 21. Bxf4 a4 22. Nf3
a3 23. b3 Qe7 24. Bd3 Re8 25. Nf2 Qf8 26. Qd2 Kh8 27. g5 fxg5 28. hxg5 Bc3 29.
Qe3 Qg7 30. Nd1 Be5 31. Nxe5 Nxe5 32. Bxe5 Qxe5 33. Rg2 Rf8 34. Rgh2 Rf7 35.
Qd2 Ne7 36. Rf2 Rbf8 37. Rhf1 Rxf2 38. Rxf2 Rxf2 39. Nxf2 Kg7 40. Be2 Ng8 41.
Bf3 h5 42. gxh6+ Nxh6 43. Nd3 Qd4 44. Qe2 Nf7 45. Bg2 Ne5 46. Nxe5 Qxe5 47. Bf3
g5 48. Bh5 Bh3 49. Qf2 Qxe4+ 50. Kc1 Bf5 51. Bd1 Qb1+ 52. Kd2 Qxa2+ 53. Ke1
Qxf2+ 54. Kxf2 a2 55. Ke1 0-1

[Event "XXV C.to Mondiale Seniores femminile Over 65"]
[Site "Acqui Terme ITA"]
[Date "2015.11.14"]
[Round "4"]
[White "Fatalibekova, Elena"]
[Black "Tsifanskaya, Ludmila A"]
[WhiteElo "2242"]
[BlackElo "2077"]
[Result "1/2-1/2"]
[PlyCount "88"]
[EventDate "2015.11.10"]

1. e4 c5 2. Nf3 Nc6 3. Bb5 g6 4. O-O Bg7 5. Re1 Nf6 6. e5 Nd5 7. Nc3 Nc7 8.
Bxc6 dxc6 9. d3 O-O 10. Ne4 b6 11. h3 Bf5 12. Ng3 Be6 13. b3 f6 14. Bb2 Bd5 15.
exf6 exf6 16. Nd2 Bf7 17. Nc4 b5 18. Nd2 Ne6 19. a4 Nd4 20. Nge4 f5 21. Nxc5
Qd5 22. b4 Nf3+ 23. Nxf3 Bxb2 24. Rb1 Bc3 25. Re2 a5 26. d4 axb4 27. axb5 cxb5
28. Nd3 Qd6 29. Nde5 Ba2 30. Rc1 Bb2 31. h4 Bxc1 32. Qxc1 Bd5 33. h5 Bxf3 34.
Nxf3 Rfe8 35. Rd2 Ra3 36. Rd1 Rea8 37. Qb2 b3 38. cxb3 Qd5 39. Rb1 b4 40. Qc2
Ra1 41. Rxa1 Rxa1+ 42. Kh2 Ra8 43. Qc7 Qf7 44. Qb6 Qe8 1/2-1/2

[Event "XXV C.to Mondiale Seniores femminile Over 65"]
[Site "Acqui Terme ITA"]
[Date "2015.11.14"]
[Round "4"]
[White "Kabanova, Irina"]
[Black "Kozlovskaya, Valentina"]
[WhiteElo "1954"]
[BlackElo "2249"]
[Result "0-1"]
[PlyCount "70"]
[EventDate "2015.11.10"]

1. e4 c5 2. Nf3 a6 3. c3 d5 4. exd5 Qxd5 5. d4 e6 6. Be2 cxd4 7. cxd4 Nf6 8.
O-O Nc6 9. Nc3 Qd8 10. h3 Be7 11. Be3 O-O 12. Qd2 Nb4 13. Rfd1 Nbd5 14. Nxd5
Nxd5 15. Rac1 Bd7 16. Bd3 f5 17. Qe2 Rc8 18. Rxc8 Bxc8 19. Ne5 Bf6 20. Bd2 b5
21. Rc1 Ne7 22. Bc3 Bb7 23. Nf3 Bd5 24. b3 Ng6 25. Qe3 Re8 26. Rd1 Qa8 27. Be2
h6 28. Re1 Qa7 29. Qd2 Qb8 30. Rd1 Nf4 31. Re1 Rd8 32. Rd1 Be4 33. Qe1 Qb7 34.
Kh2 Nxe2 35. Qxe2 Qc7+ 0-1

[Event "XXV C.to Mondiale Seniores femminile Over 65"]
[Site "Acqui Terme ITA"]
[Date "2015.11.14"]
[Round "4"]
[White "Kuznetsova, Luba"]
[Black "Khmiadashvili, Tamar"]
[WhiteElo "2014"]
[BlackElo "2029"]
[Result "0-1"]
[PlyCount "76"]
[EventDate "2015.11.10"]

1. d4 d5 2. Bf4 e6 3. e3 Ne7 4. Nf3 Ng6 5. Bg3 Bd6 6. Bd3 f5 7. Nbd2 O-O 8.
Bxd6 cxd6 9. h4 Nc6 10. c3 e5 11. h5 Nh8 12. Bc2 Nf7 13. Qe2 Nh6 14. O-O-O e4
15. Nh2 Kh8 16. Kb1 a6 17. f3 Be6 18. Rdg1 b5 19. Rc1 Rc8 20. f4 Na5 21. Nhf1
Qb6 22. Nb3 Nc4 23. Qe1 a5 24. a3 Rb8 25. Rh3 Rf7 26. Rg3 b4 27. cxb4 axb4 28.
a4 Ra7 29. Na1 Rc8 30. Bd1 Rac7 31. Nb3 Bd7 32. a5 Nxa5 33. Rxc7 Qxc7 34. Rg5
Ba4 35. Nfd2 Nc4 36. Qe2 Bb5 37. Qe1 Nxd2+ 38. Nxd2 Qc1+ 0-1

[Event "XXV C.to Mondiale Seniores femminile Over 65"]
[Site "Acqui Terme ITA"]
[Date "2015.11.15"]
[Round "5"]
[White "Khmiadashvili, Tamar"]
[Black "Abdikasova, Panu"]
[WhiteElo "2029"]
[BlackElo "1980"]
[Result "1-0"]
[PlyCount "69"]
[EventDate "2015.11.10"]

1. f4 e5 2. fxe5 d6 3. Nf3 Nc6 4. d4 dxe5 5. d5 Nb4 6. e4 Nf6 7. Bg5 h6 8. Bxf6
Qxf6 9. a3 Na6 10. b4 Nb8 11. Nbd2 a6 12. Bd3 Bg4 13. O-O Qb6+ 14. Kh1 f6 15.
Qe1 Nd7 16. Nc4 Qa7 17. Nfd2 O-O-O 18. Nb3 Bh5 19. Ne3 Be8 20. c4 b6 21. a4 Kb8
22. a5 Kb7 23. axb6 cxb6 24. c5 Nb8 25. c6+ Kc8 26. Qe2 Bxb4 27. Qg4+ Bd7 28.
cxd7+ Kb7 29. Bb5 a5 30. Rfc1 Rhg8 31. Qe6 Na6 32. Qc6+ Kb8 33. d6 Nc5 34. Nxc5
bxc5 35. Nd5 1-0

[Event "XXV C.to Mondiale Seniores femminile Over 65"]
[Site "Acqui Terme ITA"]
[Date "2015.11.15"]
[Round "5"]
[White "Kozlovskaya, Valentina"]
[Black "Fatalibekova, Elena"]
[WhiteElo "2249"]
[BlackElo "2242"]
[Result "1/2-1/2"]
[PlyCount "46"]
[EventDate "2015.11.10"]

1. c4 c5 2. g3 Nf6 3. Bg2 d5 4. cxd5 Nxd5 5. Nc3 Nxc3 6. bxc3 Nc6 7. Nf3 e5 8.
O-O Be7 9. d3 O-O 10. Qc2 Bf5 11. Nd2 Qd7 12. Nc4 Bh3 13. a4 Bxg2 14. Kxg2 b6
15. f3 h6 16. Rb1 Bg5 17. Bxg5 hxg5 18. Ne3 g6 19. Rh1 Kg7 20. g4 Rh8 21. h3
Ne7 22. Qb3 Rad8 23. Rbd1 Nc6 1/2-1/2

[Event "XXV C.to Mondiale Seniores femminile Over 65"]
[Site "Acqui Terme ITA"]
[Date "2015.11.15"]
[Round "5"]
[White "Sorokina, Tamara"]
[Black "Kabanova, Irina"]
[WhiteElo "2116"]
[BlackElo "1954"]
[Result "1-0"]
[PlyCount "67"]
[EventDate "2015.11.10"]

1. d4 Nf6 2. Nf3 e6 3. Bg5 Be7 4. e3 c5 5. c3 h6 6. Bh4 d6 7. Bd3 Nbd7 8. Nbd2
Qc7 9. Bg3 b6 10. e4 e5 11. dxe5 Nxe5 12. Nxe5 dxe5 13. Nc4 Nd7 14. Ne3 O-O 15.
Nd5 Qd8 16. O-O Bh4 17. Qe2 Bxg3 18. fxg3 a6 19. a4 Nf6 20. Nxf6+ gxf6 21. Bc4
Qe7 22. Rf2 Rd8 23. Raf1 Rd6 24. Qh5 Kg7 25. h4 Bd7 26. Qe2 a5 27. g4 Be6 28.
Bxe6 Rxe6 29. Rf5 Rf8 30. Qe3 Kg6 31. Qg3 c4 32. g5 hxg5 33. Rxf6+ Kh7 34. Qxg5
1-0

[Event "XXV C.to Mondiale Seniores femminile Over 65"]
[Site "Acqui Terme ITA"]
[Date "2015.11.15"]
[Round "5"]
[White "Tsifanskaya, Ludmila A"]
[Black "Kuznetsova, Luba"]
[WhiteElo "2077"]
[BlackElo "2014"]
[Result "1/2-1/2"]
[PlyCount "63"]
[EventDate "2015.11.10"]

1. e4 d5 2. exd5 Qxd5 3. Nc3 Qa5 4. d4 c6 5. Bc4 Nf6 6. Bd2 Qd8 7. Nf3 Bf5 8.
O-O e6 9. Bb3 Bd6 10. Ne5 O-O 11. Qe2 Bg6 12. Nxg6 hxg6 13. Ne4 Nxe4 14. Qxe4
Na6 15. c4 Nc7 16. Bc3 Ne8 17. Rad1 Nf6 18. Qf3 Qc7 19. g3 Be7 20. Rfe1 Rfd8
21. Qe2 Bf8 22. Rc1 Rac8 23. Red1 b6 24. Rc2 Qb7 25. Qf3 Be7 26. a4 Rd7 27.
Rcd2 Rcd8 28. Bc2 a5 29. Be4 Nxe4 30. Qxe4 Qc7 31. Qc2 Bf6 32. Qb3 1/2-1/2

[Event "XXV C.to Mondiale Seniores femminile Over 65"]
[Site "Acqui Terme ITA"]
[Date "2015.11.17"]
[Round "6"]
[White "Fatalibekova, Elena"]
[Black "Sorokina, Tamara"]
[WhiteElo "2242"]
[BlackElo "2116"]
[Result "0-1"]
[PlyCount "144"]
[EventDate "2015.11.10"]

1. d4 Nf6 2. c4 e6 3. Nc3 d5 4. Bg5 Be7 5. e3 h6 6. Bh4 c6 7. Qc2 Nbd7 8. Nf3
O-O 9. a3 a6 10. c5 b5 11. b4 a5 12. Rb1 axb4 13. axb4 Nh5 14. Bxe7 Qxe7 15.
Ne5 Nxe5 16. dxe5 g6 17. Be2 Ng7 18. O-O f5 19. f4 Bd7 20. Ra1 Rfb8 21. Bd3 Qd8
22. Ne2 Rb7 23. Qb2 Rba7 24. Nd4 Be8 25. Nb3 Qe7 26. Na5 Rd8 27. Qd4 Rc7 28.
Ra3 g5 29. g3 h5 30. Rfa1 Kh7 31. Nb3 g4 32. Ra8 Rxa8 33. Rxa8 Ra7 34. Rxa7
Qxa7 35. Na5 Qa8 36. Qb2 Qa7 37. Bc2 Kg8 38. Nb3 Bd7 39. Nd4 Qa8 40. Bb3 Kf7
41. Kg2 Kg6 42. h3 Kf7 43. Qc1 Kg6 44. Nc2 Be8 45. Qh1 Qd8 46. hxg4 hxg4 47.
Qh8 Qe7 48. Nd4 Bd7 49. Bc2 Be8 50. Qh1 Bd7 51. Qa1 Qe8 52. Qa7 Qc8 53. Bd3 Kh6
54. Be2 Kg6 55. Qb6 Qe8 56. Qc7 Kh7 57. Kf2 Kg6 58. Qd6 Kf7 59. Bd3 Qc8 60.
Bxb5 Ne8 61. Ba6 Nxd6 62. Bxc8 Nxc8 63. Ke2 Ke7 64. Kd3 Na7 65. Kc3 Bc8 66. Kb3
Kd7 67. Ka4 Kc7 68. Ka5 Bd7 69. Ka6 Nb5 70. Nc2 Nc3 71. Nd4 Ne4 72. Ne2 Nd2 0-1

[Event "XXV C.to Mondiale Seniores femminile Over 65"]
[Site "Acqui Terme ITA"]
[Date "2015.11.17"]
[Round "6"]
[White "Kabanova, Irina"]
[Black "Lebel-Arias, Julia"]
[WhiteElo "1954"]
[BlackElo "1796"]
[Result "0-1"]
[PlyCount "74"]
[EventDate "2015.11.10"]

1. e4 g6 2. d4 Bg7 3. Nc3 d6 4. Be3 c6 5. Qd2 b5 6. a3 a6 7. Bd3 Nd7 8. Nce2
Bb7 9. f3 c5 10. c3 e6 11. Nh3 h6 12. O-O Ne7 13. Bc2 c4 14. Rad1 Nf6 15. Nf2
Qc7 16. g4 e5 17. Ng3 O-O-O 18. b3 d5 19. Qe2 dxe4 20. fxe4 exd4 21. cxd4 cxb3
22. Bxb3 Kb8 23. Rc1 Qa5 24. Bf4+ Ka8 25. Bc7 Qxa3 26. Bxd8 Rxd8 27. Bxf7 Rxd4
28. Rcd1 Nd7 29. Rxd4 Bxd4 30. Rd1 Ne5 31. Kg2 Qc3 32. Ba2 N7c6 33. Bd5 Nb4 34.
Bxb7+ Kxb7 35. h3 Nc2 36. Nf1 b4 37. Nd3 Nxd3 0-1

[Event "XXV C.to Mondiale Seniores femminile Over 65"]
[Site "Acqui Terme ITA"]
[Date "2015.11.17"]
[Round "6"]
[White "Khmiadashvili, Tamar"]
[Black "Tsifanskaya, Ludmila A"]
[WhiteElo "2029"]
[BlackElo "2077"]
[Result "0-1"]
[PlyCount "100"]
[EventDate "2015.11.10"]

1. c4 Nf6 2. Nc3 g6 3. g3 Bg7 4. Bg2 O-O 5. e3 c5 6. Nge2 Nc6 7. O-O d6 8. d3
Bd7 9. h3 a6 10. f4 Rb8 11. g4 b5 12. cxb5 axb5 13. Ng3 b4 14. Nce2 Qb6 15. Kh2
Ne8 16. f5 Be5 17. Nf4 Ng7 18. Kh1 Qd8 19. e4 e6 20. Nfe2 Qh4 21. Bf4 Bxf4 22.
Rxf4 e5 23. Rf1 Nd4 24. Nxd4 cxd4 25. Ne2 h5 26. Qe1 Qxe1 27. Raxe1 hxg4 28.
hxg4 g5 29. Nc1 Rfc8 30. Rf2 Rc7 31. Bf1 Ne8 32. Kg2 Nf6 33. Kf3 Rbc8 34. Nb3
Ra7 35. Nc1 Kg7 36. Rh2 Rac7 37. Nb3 Bb5 38. Rd1 Ba4 39. Rdd2 Bxb3 40. axb3 Rc1
41. Be2 Ra8 42. Bd1 Raa1 43. Rh1 Nd7 44. Ke2 Nf6 45. Kf3 Rab1 46. Kg3 Ra1 47.
Kf3 d5 48. exd5 Nxd5 49. Ke4 Ne3 50. Kxe5 Rxd1 0-1

[Event "XXV C.to Mondiale Seniores femminile Over 65"]
[Site "Acqui Terme ITA"]
[Date "2015.11.17"]
[Round "6"]
[White "Kuznetsova, Luba"]
[Black "Kozlovskaya, Valentina"]
[WhiteElo "2014"]
[BlackElo "2249"]
[Result "1/2-1/2"]
[PlyCount "143"]
[EventDate "2015.11.10"]

1. d4 Nf6 2. c4 e6 3. Nf3 c5 4. e3 a6 5. Nc3 Qc7 6. Be2 d6 7. O-O Be7 8. dxc5
dxc5 9. b3 O-O 10. Bb2 Nc6 11. h3 b6 12. a3 Bb7 13. Qc2 h6 14. Rad1 Na5 15. Rd2
Bc6 16. Rfd1 Nb7 17. Ne1 Nd6 18. Bf3 Rfd8 19. Bxc6 Qxc6 20. Nf3 Qb7 21. a4 Nf5
22. Rxd8+ Rxd8 23. Rxd8+ Bxd8 24. Qd3 Qd7 25. Qxd7 Nxd7 26. Ne4 Bc7 27. Kf1 Ne7
28. Ke2 f5 29. Ned2 Nc6 30. Bc3 Kf7 31. Ne1 g5 32. g3 h5 33. Kf3 g4+ 34. Kg2
Be5 35. Bxe5 Ndxe5 36. hxg4 hxg4 37. Kf1 Na5 38. Ke2 Ke7 39. Kd1 Kd6 40. Kc2
Kc6 41. Ng2 Ng6 42. e4 Kd6 43. exf5 exf5 44. Ne3 Ne7 45. Kc3 Nac6 46. f3 Ne5
47. fxg4 Nxg4 48. Kd3 Ne5+ 49. Kc3 Ke6 50. Ng2 Kf6 51. Ne3 Kg5 52. b4 Nd7 53.
Nb3 Nc6 54. b5 axb5 55. cxb5 Ne7 56. Nd2 Kf6 57. Ndc4 Ke6 58. a5 bxa5 59. Nxa5
Nd5+ 60. Nxd5 Kxd5 61. Kd3 Nb6 62. Ke3 Ke5 63. Nc6+ Kf6 64. Kf3 Kg5 65. Ne5 c4
66. Ke3 Kf6 67. Kd4 c3 68. Nd3 c2 69. Kc3 Kg5 70. Kxc2 Kg4 71. Kd2 Kxg3 72. Ke2
1/2-1/2

[Event "XXV C.to Mondiale Seniores femminile Over 65"]
[Site "Acqui Terme ITA"]
[Date "2015.11.18"]
[Round "7"]
[White "Kozlovskaya, Valentina"]
[Black "Khmiadashvili, Tamar"]
[WhiteElo "2249"]
[BlackElo "2029"]
[Result "1/2-1/2"]
[PlyCount "114"]
[EventDate "2015.11.10"]

1. Nf3 d6 2. d4 Bg4 3. e3 c6 4. Be2 Nd7 5. O-O e5 6. Nfd2 Bxe2 7. Qxe2 Ngf6 8.
dxe5 dxe5 9. e4 Qc7 10. Nf3 Nc5 11. Nbd2 Ne6 12. g3 O-O-O 13. Nb3 h5 14. Bd2
Nd7 15. Rad1 Be7 16. Ba5 b6 17. Bc3 Bf6 18. a4 Ndc5 19. Nxc5 Nxc5 20. Bb4 Nb7
21. Rxd8+ Rxd8 22. Rd1 Rxd1+ 23. Qxd1 Qd7 24. Qxd7+ Kxd7 25. b3 Ke6 26. Ne1 a5
27. Bd2 Be7 28. Kg2 g6 29. Nd3 f5 30. f3 Nd6 31. Nf2 Bd8 32. exf5+ gxf5 33. Nd3
b5 34. Bc3 bxa4 35. Nc5+ Kd5 36. Nxa4 e4 37. Bb2 exf3+ 38. Kxf3 Ne4 39. Nc3+
Nxc3 40. Bxc3 Bc7 41. Bf6 Ke6 42. Bg5 Bb6 43. c4 Bc7 44. Ke3 Bb6+ 45. Kd3 Bg1
46. h3 Bc5 47. Bd8 Bd6 48. Bh4 Bb4 49. Ke3 Be1 50. Kf3 Bd2 51. Bd8 Ke5 52. Bb6
Kf6 53. Ke2 Bc3 54. Kd3 Be1 55. Bc7 Ke6 56. Bf4 Bf2 57. h4 Be1 1/2-1/2